000 00425nam a2200145 a 4500
001 4677
005 20180713184538.0
008 140415s1987 000 0 spa d
041 _aspa
082 _a332.04154
_bTHR
245 0 0 _aTHREATS TO INTERNATIONAL FINANCIAL STABILITY
260 _a[s.l.] :
_bCAMBRIDGE UNIVERSITY PRESS,
_c1987
300 _a307
650 1 4 _aCRISIS ECONOMICA
_xFINANZAS INTERNACIONALES
999 _c4677
_d4677